LIBRARY & INFORMATION CENTRE, KCAET, TAVANUR

ONLINE PUBLIC ACCESS CATALOGUE (OPAC)

Theory of monopolistic competition / (Record no. 11281)

MARC details
000 -LEADER
fixed length control field 00416cam a2200157ua 4500
041 ## - LANGUAGE CODE
Language code of text/sound track or separate title eng
082 ## - DEWEY DECIMAL CLASSIFICATION NUMBER
Classification number 338.82
Item number CHA/TH
100 ## - MAIN ENTRY--AUTHOR NAME
Personal name Chamberlin , edward Haslings .
245 ## - TITLE STATEMENT
Title Theory of monopolistic competition /
260 ## - PUBLICATION, DISTRIBUTION, ETC. (IMPRINT)
Place of publication :
Name of publisher Oxford University Press ,
Year of publication 1962.
300 ## - PHYSICAL DESCRIPTION
Number of Pages 396 ; .

No items available.

free website counter